NDU-K Library Catalogue

Girl in a jacket 

Implementing the four levels : (Record no. 11787)

MARC details
000 -LEADER
fixed length control field 01708cam a2200373 a 4500
001 - CONTROL NUMBER
control field 14915191
003 - CONTROL NUMBER IDENTIFIER
control field OSt
005 - DATE AND TIME OF LATEST TRANSACTION
control field 20260427054325.0
008 - FIXED-LENGTH DATA ELEMENTS--GENERAL INFORMATION
fixed length control field 070703s2007 caua b 001 0 eng
010 ## - LIBRARY OF CONGRESS CONTROL NUMBER
LC control number 2007025384
020 ## - INTERNATIONAL STANDARD BOOK NUMBER
International Standard Book Number 9781576754542
Qualifying information pbk. : alk. paper
020 ## - INTERNATIONAL STANDARD BOOK NUMBER
International Standard Book Number 1576754545
Qualifying information pbk. : alk. paper
035 ## - SYSTEM CONTROL NUMBER
System control number 14915191
035 ## - SYSTEM CONTROL NUMBER
System control number (OCoLC)144227482
040 ## - CATALOGING SOURCE
Original cataloging agency DLC
Transcribing agency DLC
Modifying agency BTCTA
-- BAKER
-- YDXCP
-- C#P
-- BWX
-- DLC
050 00 - LIBRARY OF CONGRESS CALL NUMBER
Classification number HF5549.5.T7
Item number K5695 2007
100 1# - MAIN ENTRY--PERSONAL NAME
Personal name Kirkpatrick, Donald L.
245 10 - TITLE STATEMENT
Title Implementing the four levels :
Remainder of title a practical guide for effective evaluation of training programs /
Statement of responsibility, etc. Donald L. Kirkpatrick, James D. Kirkpatrick.
250 ## - EDITION STATEMENT
Edition statement 1st ed.
260 ## - PUBLICATION, DISTRIBUTION, ETC.
Place of publication, distribution, etc. San Francisco :
Name of publisher, distributor, etc. Berrett-Koehler Publishers,
Date of publication, distribution, etc. c2007.
300 ## - PHYSICAL DESCRIPTION
Extent xii, 153 p. :
Other physical details ill. ;
Dimensions 24 cm.
336 ## - CONTENT TYPE
Content type term text
Content type code txt
Source rdacontent
337 ## - MEDIA TYPE
Media type term unmediated
Media type code n
Source rdamedia
338 ## - CARRIER TYPE
Carrier type term volume
Carrier type code nc
Source rdacarrier
504 ## - BIBLIOGRAPHY, ETC. NOTE
Bibliography, etc. note Includes bibliographical references (p. 135-136) and index.
505 0# - FORMATTED CONTENTS NOTE
Formatted contents note Analyzing your resources -- Getting your managers on board -- Implementing level 1: Reaction -- Implementing level 2: Learning -- Implementing level 3: Behavior -- Implementing level 4: Results -- Building a chain of evidence.
650 #0 - SUBJECT ADDED ENTRY--TOPICAL TERM
Topical term or geographic name entry element Employees
General subdivision Training of
-- Evaluation.
700 1# - ADDED ENTRY--PERSONAL NAME
Personal name Kirkpatrick, James D.,
Dates associated with a name 1952-
856 41 - ELECTRONIC LOCATION AND ACCESS
Materials specified Table of contents only
Uniform Resource Identifier <a href="http://www.loc.gov/catdir/toc/ecip0721/2007025384.html">http://www.loc.gov/catdir/toc/ecip0721/2007025384.html</a>
906 ## - LOCAL DATA ELEMENT F, LDF (RLIN)
a 7
b cbc
c orignew
d 1
e ecip
f 20
g y-gencatlg
942 ## - ADDED ENTRY ELEMENTS (KOHA)
Source of classification or shelving scheme Library of Congress Classification
Koha item type Normal Collection
Holdings
Withdrawn status Lost status Source of classification or shelving scheme Damaged status Not for loan Home library Current library Date acquired Inventory number Total Checkouts Full call number Barcode Date last seen Price effective from Koha item type
    Library of Congress Classification     International Peace Support Training Centre (IPSTC) International Peace Support Training Centre (IPSTC) 14/11/2022 1522/2013   HF5549.5.T7 K5695 2007 200115222013 14/11/2022 14/11/2022 Normal Collection
Copyright © 2026 [National Defence University - Kenya]. All rights reserved.